Central Library OPAC University of Rajshahi
Normal view MARC view

Entry Personal Name

Number of records used in: 1

001 - CONTROL NUMBER

  • control field: 2405

003 - CONTROL NUMBER IDENTIFIER

  • control field: BD-RjUL

005 - DATE AND TIME OF LATEST TRANSACTION

  • control field: 20220412121714.0

008 - FIXED-LENGTH DATA ELEMENTS

  • fixed length control field: 220412|| aca||aabn | a|a d

040 ## - CATALOGING SOURCE

  • Original cataloging agency: BD-RjUL
  • Transcribing agency: BD-RjUL

100 ## - HEADING--PERSONAL NAME

  • Personal name: খালেক, মুহাম্মদ আবদুল, সুপারভাইজার

670 ## - SOURCE DATA FOUND

  • Source citation: Work cat.: (BD-RjUL)79690: ইসলাম, সৈয়দ মো: মোজাহারুল 2400, চাঁপাই নবাবগঞ্জের লোকসংস্কৃতির গতি প্রকৃতি :, ১৯৯৫